000
00278nam a2200109Ia 4500
008
200302s9999 xx 000 0 und d
100
_a
Kao Chen P. E.
245
_a
Energy Management in Illuminating Systems
260
_b
C R C Press LLC Ltd.
260
_c
1999
300
_a
158 P.,
999
_c
2071
_d
2071